[Event "E World Cup 2023"]
[Site "Baku, Azerbaijan"]
[Date "2023.08.21"]
[Round "7.5"]
[White "Praggnanandhaa, R."]
[Black "Caruana, Fabiano"]
[Result "1-0"]
[WhiteElo "2707"]
[BlackElo "2782"]
[EventDate "2023.??.??"]
[Annotator "rafael"]
[PlyCount "125"]
[Beauty "6253875039242"]
[EventType "simul"]
[EventRounds "2"]
[EventCountry "AZE"]
[TimeControl "40/5400+30:1800+30"]

1.e4 e5 2.Nf3 Nc6 3.Bc4 Nf6 4.d3 Be7 {Caruana played this line before in the tournament, against Dominguez, when he saved a lost position.} 5.O-O O-O 6.Nc3 d6 7.a4 Bg4 ( 7...Nb4 {is a new move in grandmaster-level play and was seen in the aforementioned game.} ) 8.h3 Bh5 ( 8...Bxf3 {is another plan of action, though exchanging this bishop always breaks a player's heart.} 9.Qxf3 Nd4 10.Qd1 c6 11.Ba2 {with a slightly more pleasant position for White.} ) 9.Be3 Nd4 10.Bxd4 exd4 11.Nd5 Nxd5 12.Bxd5 c6 13.Bb3 {White now is threatening 14.g4 followed by the capture of the d-pawn.} 13...Bxf3 ( 13...Bf6 $2 {[%c_effect f6;square;f6;type;Mistake;persistent;true] is exactly what White wants:} 14.g4 Bg6 15.Nd2 {followed by the advance of the f-pawn.} ) ( 13...d5 $5 {[%c_effect d5;square;d5;type;Interesting;persistent;true]} 14.exd5 Bd6 {This is an optimistic pawn sacrifice that doesn't work well against best play, but at least it spices up the game.} 15.dxc6 ( 15.g4 Bg6 16.Nxd4 $6 {[%c_effect d4;square;d4;type;Inaccuracy;persistent;true] is bad, since Black has good compensation after} 16...Qf6 $1 {[%c_effect f6;square;f6;type;GreatFind;persistent;true]} ) 15...bxc6 16.g4 Bg6 17.Nxd4 ( 17.Qd2 $6 {[%c_effect d2;square;d2;type;Inaccuracy;persistent;true]} 17...Rb8 {gives good compensation.} ( 17...Qf6 {was played in Jones-Bailet, Chartres 2022.} ) ) ( 17.Ne1 $5 {[%c_effect e1;square;e1;type;Interesting;persistent;true] is also interesting, with the idea of pushing the f-pawn.} 17...Kh8 18.f4 f5 19.Ng2 {with a slight advantage for White.} ) 17...Qf6 18.Nf3 {Black has insufficient compensation for the pawns, although this looks playable for a blitz game.} ) 14.Qxf3 g6 {A new move. This type of position resembles some variations of the Ruy Lopez, where there is a battle in the middlegame with opposite colored bishops. White's position is a little more comfortable as his bishop is more active, and his plan is clearer (to advance the pawns on the kingside). However, as Caruana is the best-prepared player in the world and the move 7...Bg4 practically forces this position, he must have studied it very deeply with computers and come to the conclusion that it's not dangerous.} ( 14...a5 15.g4 $6 {[%c_effect g4;square;g4;type;Inaccuracy;persistent;true]} ( 15.g3 ) 15...g6 16.Qg2 Kg7 17.Rae1 Bh4 18.Re2 f6 19.f4 Qb6 {Black's position was good in Chigaev-Stevic, Hungary 2022.} ) 15.Qg4 {A logical idea, preparing to advance the f-pawn.} 15...Kg7 16.f4 Qc7 17.Rae1 Rae8 18.Qf3 Qd7 {White's play has been very logical so far, and now he must choose a course of action.} 19.Re2 ( 19.g4 $6 {[%c_effect g4;square;g4;type;Inaccuracy;persistent;true] is too rushed.} 19...Bh4 20.Re2 f6 ) ( 19.Kh2 d5 $1 {[%c_effect d5;square;d5;type;GreatFind;persistent;true] Caruana certainly had this idea in mind, as it's happily pointed out by the computer.} 20.exd5 c5 {The bishop comes to d6 with excellent compensation for the pawn.} ) ( 19.Qf2 $1 {[%c_effect f2;square;f2;type;GreatFind;persistent;true] is the best move, forcing Black's bishop to defend the pawn.} 19...Bf6 20.Kh2 {Now the idea with d6-d5 is not available, and White can reinforce the position with g3-h4 and so on, but it's really hard to break Black's position.} ) 19...Bd8 ( 19...d5 $5 {[%c_effect d5;square;d5;type;Interesting;persistent;true] is again possible.} 20.exd5 c5 21.Rfe1 Bd6 {with sufficient compensation.} ) 20.Kh1 d5 $1 {[%c_effect d5;square;d5;type;GreatFind;persistent;true] Another version of the pawn sacrifice.} 21.exd5 ( 21.e5 $2 {[%c_effect e5;square;e5;type;Mistake;persistent;true] is a horrible positional mistake, as it kills the b3-bishop.} 21...f6 ) ( 21.Qf2 Bb6 22.a5 Bc5 {with an equal position.} ) 21...Rxe2 22.Qxe2 Re8 23.dxc6 bxc6 {Black has excellent compensation for the pawn.} 24.Qf2 Qd6 {There are good options.} ( 24...Re3 25.Re1 Qe8 26.Rxe3 dxe3 27.Qe2 Bf6 {regains the pawn with a draw, since} 28.c3 $2 {[%c_effect c3;square;c3;type;Mistake;persistent;true] is bad due to} 28...Qb8 $1 {[%c_effect b8;square;b8;type;GreatFind;persistent;true] Attacking the bishop and the f4-pawn.} ) ( 24...Bc7 {is unpleasant to face since now g3 is not possible, and if White fights for the e-file, the f4-pawn is taken. If White does nothing, the rook comes to e3.} 25.Re1 ( 25.f5 {is the machine's suggestion, but this is a difficult move to play, as it opens the bishop's diagonal.} ) 25...Rxe1+ 26.Qxe1 Bxf4 {Black has some pressure in this endgame.} ) 25.g3 Re3 26.Re1 Bb6 {This endgame should be a draw without much trouble.} 27.Kg2 Qf6 28.Bc4 a5 29.Qf1 Bc5 $2 {[%c_effect c5;square;c5;type;Mistake;persistent;true] A big mistake, allowing White to change the pawn structure to his favor.} ( 29...Qe7 30.Rxe3 Qxe3 {leads to an easy draw after the exchange of queens.} ) 30.Rxe3 $1 {[%c_effect e3;square;e3;type;GreatFind;persistent;true]} 30...dxe3 31.c3 {Now, things are different: the position becomes very dangerous since White is not forced to exchange queens, and the pawns are mobile. Praggnanandhaa converts the advantage convincingly.} 31...Bb6 ( 31...Qe7 {is more stubborn:} 32.Kf3 Qb7 33.Qe2 Ba7 34.d4 c5+ 35.d5 Bb8 {with the idea of} 36.Kxe3 Qd7 {with saving chances.} ) 32.Qf3 Qe7 33.Kf1 Ba7 34.Ke2 Qb7 35.b3 ( 35.Bb5 {is probably even better:} 35...Qc8 36.Bxc6 Qxh3 37.d4 Qh2+ 38.Qg2 {with a winning position.} ) 35...Qe7 36.d4 c5 ( 36...Qa3 {is an interesting practical attempt to save the game.} 37.Qxe3 Qb2+ 38.Qd2 ( 38.Kf3 Bb8 {with drawing chances.} ) 38...Qb1 {Black should lose this as well, but at least the queen is active.} ) 37.d5 ( 37.Qxe3 {It's always difficult to evaluate the pure opposite colored bishop endgame, but it turns out it's winning for White, for instance:} 37...Qxe3+ 38.Kxe3 cxd4+ 39.cxd4 Kf8 40.Ke4 Ke7 41.Kd5 Kd7 42.b4 $1 {[%c_effect b4;square;b4;type;GreatFind;persistent;true]} 42...axb4 43.a5 {The a-pawn decides the game, but it's totally understandable that Praggnanandhaa decides not to go for this.} ) 37...Bb8 38.Qxe3 Qf8 ( 38...Qxe3+ {This version of the endgame is simpler for White to convert.} 39.Kxe3 {The king goes to the queenside, and it's over.} ) 39.Bb5 Qd6 40.Bc6 {The stage is set for the king march.} 40...Bc7 41.Kd3 Qf6 42.Kc4 Bd6 43.Qe4 g5 {Trying to get some counterplay.} 44.fxg5 Qf1+ 45.Qd3 Qxh3 46.Kb5 Qg4 47.Kxa5 Qxg5 48.Kb5 Bxg3 49.a5 Bd6 50.a6 Qe7 51.Qf3 Bb8 52.Qg4+ Kh6 53.Qc8 Bf4 54.Qd7 Qe2+ 55.Kb6 c4 {Caruana desperately seeks counterplay, but Praggnanandha's calculation is excellent, and he gives his opponent no chances.} 56.b4 Qe3+ 57.Kb5 Qxc3 58.a7 Qd3 59.a8=Q c3+ 60.Kb6 Qe3+ 61.Kb7 c2 62.Qf8+ Kg5 63.Qg7+ 1-0

[Event "Champions Chess Tour Julius Generation Cup 2023"]
[Site "Chess.com"]
[Date "2023.08.31"]
[Round "2"]
[White "Carlsen, Magnus"]
[Black "Caruana, Fabiano"]
[Result "1-0"]
[WhiteElo "2936"]
[BlackElo "2807"]
[EventDate "2023.??.??"]
[Annotator "rafael"]
[PlyCount "115"]
[Beauty "6529021385755"]
[EventType "team-tourn"]
[EventCountry "YUG"]
[TimeControl "900+3"]

1.e4 e5 2.Nf3 Nc6 3.Bb5 a6 4.Ba4 Nf6 5.O-O b5 6.Bb3 Bc5 {Caruana is a big specialist in the Arkhangelsk, one of the most dynamic choices for Black in the Ruy Lopez.} 7.c3 d6 8.d4 Bb6 9.Be3 {This is a popular move in 2023.} ( 9.a4 {is the old main line.} ) 9...O-O 10.Nbd2 Re8 ( 10...h6 {is the most popular move.} ) 11.Re1 h6 {Always a useful move, avoiding the unpleasant Ng5.} ( 11...Na5 {I found two examples from Anand's games in this position, one with each color. He won both games.} 12.Bc2 c5 13.d5 ( 13.h3 cxd4 14.cxd4 Nc6 15.dxe5 dxe5 {with an equal position in Giri-Anand, Paris (blitz) 2019.} ) 13...Ng4 14.Nf1 ( 14.Bg5 {is better.} ) 14...Nxe3 15.Nxe3 c4 {Black was fine in Anand-Santos Latasa, Leon (rapid) 2022.} ) 12.h3 exd4 13.cxd4 Nb4 {The threat of ...Nd3 gives Black time to play the desired c7-c5.} ( 13...Nxe4 $2 {[%c_effect e4;square;e4;type;Mistake;persistent;true] Of course not} 14.Nxe4 Rxe4 15.Bd5 {winning material.} ) 14.Qe2 c5 15.a3 c4 $1 {[%c_effect c4;square;c4;type;GreatFind;persistent;true] All this has been played before. They not only play well; they also have a great memory. That's another impressive thing about Carlsen: he can play the opening casually, simply taking it to an even position and without theory, but he's also capable of playing the trendy variations up to move 20.} 16.axb4 cxb3 17.d5 {A novelty.} ( 17.Qd3 {was played in an important high-profile game.} 17...Nxe4 $1 {[%c_effect e4;square;e4;type;GreatFind;persistent;true]} 18.Bxh6 Bf5 19.Rxe4 Rxe4 $2 {[%c_effect e4;square;e4;type;Mistake;persistent;true]} ( 19...Bxe4 20.Nxe4 gxh6 {leads to a complicated position with chances for both sides.} ) 20.Nxe4 d5 21.Bg5 Qd7 22.Nc5 Bxc5 23.Qxb3 {with a clear advantage for White in Dominguez-Keymer, Berlin 2022.} ) 17...Bxe3 18.Qxe3 Nxd5 $1 {[%c_effect d5;square;d5;type;GreatFind;persistent;true]} 19.Qd4 ( 19.Qxb3 Nf4 {also leads to an equal position.} ) 19...Nf4 ( 19...Nf6 $5 {[%c_effect f6;square;f6;type;Interesting;persistent;true] The knight is well placed here, pressing the e4-pawn together with the bishop that is about to go to b7.} ) 20.Nxb3 Be6 21.Na5 Qd7 22.Qe3 $1 {[%c_effect e3;square;e3;type;GreatFind;persistent;true] White needs to be careful with the Bxh3 tricks.} 22...g5 {It's always difficult to weaken the pawn structure around the king, but Caruana wants to keep the strong knight on f4. The alternative is to just sacrifice this piece.} ( 22...Nxg2 $5 {[%c_effect g2;square;g2;type;Interesting;persistent;true]} 23.Kxg2 Bxh3+ 24.Kh1 ( 24.Kh2 {is less accurate:} 24...Qg4 25.Rg1 Qh5 $1 {[%c_effect h5;square;h5;type;GreatFind;persistent;true]} 26.Rg3 Bf5+ {taking the e4-pawn and keeping the queens on the board.} ) 24...Qg4 25.Rg1 Qxe4 {Black has three pawns for the piece, and the computer evaluates the position as equal, but it seems to me that it's easier to play with White.} ( 25...Qh5 {doesn't work now:} 26.Nh2 $1 {[%c_effect h2;square;h2;type;GreatFind;persistent;true]} ) ) 23.Nd4 f5 $1 {[%c_effect f5;square;f5;type;GreatFind;persistent;true]} 24.Qg3 fxe4 25.Rxe4 Qf7 $6 {[%c_effect f7;square;f7;type;Inaccuracy;persistent;true]} ( 25...Kh7 {is safer with equality.} ) 26.Nb7 $1 {[%c_effect b7;square;b7;type;GreatFind;persistent;true] A brilliant move that poses practical problems for Black.} 26...Qxb7 $2 {[%c_effect b7;square;b7;type;Mistake;persistent;true]} ( 26...Bd5 $1 {[%c_effect d5;square;d5;type;GreatFind;persistent;true] is the correct way, but only a computer can find such a move in a rapid game.} 27.Rxe8+ ( 27.Nxd6 Rxe4 $1 {[%c_effect e4;square;e4;type;GreatFind;persistent;true] This is the point.} 28.Nxf7 Kxf7 {The knight on d4 cannot be defended because of the knight double on e2. Black is fine.} ) 27...Qxe8 28.Nxd6 Qf8 29.N6f5 Bxg2 30.h4 Qf6 {The position is balanced.} ) 27.Rxf4 Qg7 28.Re4 {White has stabilized the position and now has a great knight on d4 as well as a better pawn structure.} 28...Bxh3 $2 {[%c_effect h3;square;h3;type;Mistake;persistent;true] The losing move.} ( 28...Bd5 {is the best chance.} ) 29.Qb3+ $1 {[%c_effect b3;square;b3;type;GreatFind;persistent;true]} 29...Kh8 ( 29...Kh7 30.Rxe8 Rxe8 31.Qxh3 Qxd4 32.Qd7+ {wins the rook.} ) 30.Rxe8+ Rxe8 31.Qxh3 Qxd4 32.Qxh6+ Kg8 33.Qxg5+ {Now the technical phase begins.} 33...Kf8 34.g3 ( 34.Rc1 {is also good.} ) 34...Re2 35.Qf5+ Ke7 36.Rxa6 ( 36.Rc1 {brings the rook to the attack and finishes the game quickly.} ) 36...Re1+ 37.Kg2 Qe4+ 38.Qxe4+ Rxe4 39.Ra3 Rxb4 40.Re3+ Kf6 41.b3 {The rook endgame is winning since White has two passed and connected pawns.} 41...Rd4 42.f4 Rd1 43.Kf3 d5 44.b4 ( 44.Ke2 {prepares to bring the king to the center and also wins easily.} ) 44...Rb1 45.Re5 Rxb4 46.Rxd5 Rb1 47.Rd6+ Ke7 48.Rb6 $1 {[%c_effect b6;square;b6;type;GreatFind;persistent;true] Rook behind the passed pawn, as the old saying goes.} 48...b4 49.Kg4 Kd7 50.Kf5 ( 50.f5 $18 ) 50...Kc7 51.Re6 b3 52.Re3 $1 {[%c_effect e3;square;e3;type;GreatFind;persistent;true] Rook at the side of the passed pawn. Although there is no \"old saying\" with this rule, it's good in cases where the rook is not allowed to go behind the passer. The important thing is that Black's rook can't move.} 52...Kd6 53.g4 $1 {[%c_effect g4;square;g4;type;GreatFind;persistent;true] Passed pawns must be pushed. I apologize for bringing another ancient sentence of deep knowledge.} 53...Kd5 54.g5 Kd4 55.Rg3 Kc4 56.g6 Ra1 57.g7 Ra5+ 58.Ke4 {Another superb game by Carlsen.} 1-0

[Event "Division I"]
[Site "Chess.com"]
[Date "2023.08.30"]
[Round "1"]
[White "Carlsen, Magnus"]
[Black "Tabatabaei, M Amin"]
[Result "1-0"]
[WhiteElo "2928"]
[BlackElo "2768"]
[EventDate "2023.??.??"]
[Annotator "rafael"]
[PlyCount "97"]
[Beauty "7082803734033"]
[EventType "game"]
[TimeControl "900+3"]

1.e4 e5 2.Nf3 Nc6 3.Bb5 a6 4.Ba4 Nf6 5.d3 {Carlsen has plenty of experience with this flexible move that avoids the Open Variation (where Black takes the e4-pawn).} 5...Bc5 {The problem with 5.d3 is that Black can develop the bishop to this active square.} 6.c3 b5 7.Bb3 d6 8.Bg5 {This pin usually sharpens the game as Black is invited to play h6-g5.} ( 8.O-O {Carlsen chose this move in one of his games against Keymer in the World Cup.} ) 8...h6 9.Bh4 Bb6 {A useful prophylactic move, anticipating White's d-pawn advance.} 10.Nbd2 ( 10.a4 {was played in an important game in 2022:} 10...Rb8 11.axb5 axb5 12.Na3 g5 13.Bg3 Na5 14.Bc2 b4 $6 {[%c_effect b4;square;b4;type;Inaccuracy;persistent;true]} ( 14...Bd7 {is better.} ) 15.cxb4 Nc6 16.Ba4 {with an advantage for White in Praggnanandhaa-Carlsen, Chessable Masters 2022.} ) 10...g5 11.Bg3 Qe7 ( 11...Na5 {is also possible:} 12.Bc2 Nh5 13.a4 Rb8 14.b4 Nxg3 15.hxg3 Nc6 16.Nf1 Qf6 {with a balanced middlegame in Carlsen-Ding, Norway Chess (blitz) 2019.} ) 12.a4 Rb8 13.axb5 axb5 14.Nf1 $1 {[%c_effect f1;square;f1;type;GreatFind;persistent;true] One advantage of not being castled yet is that the knight can be maneuvered immediately to the e3-square.} 14...Be6 15.Ne3 Bxe3 {A good and practical decision, getting rid of the problems that this knight can generate. That said, it's possible to delay this capture as well.} ( 15...O-O 16.O-O Bxb3 17.Qxb3 Qe6 18.Qc2 Ne7 {with an acceptable position.} ) 16.fxe3 O-O ( 16...Bxb3 {is more accurate:} 17.Qxb3 Qe6 {Now if White exchanges queens, Black's king is already in the center.} 18.Qc2 O-O {with chances for both sides.} ) 17.O-O Ra8 $6 {[%c_effect a8;square;a8;type;Inaccuracy;persistent;true]} ( 17...Bxb3 $1 {[%c_effect b3;square;b3;type;GreatFind;persistent;true] is better:} 18.Qxb3 Qe6 {Here White can try to exchange queens:} 19.Qxe6 fxe6 20.Ra6 {with a slight pressure in the endgame.} ) 18.Rxa8 Rxa8 19.Nh4 $1 {[%c_effect h4;square;h4;type;GreatFind;persistent;true] A strong move, using tactics to bring the knight to f5.} 19...Bg4 ( 19...gxh4 $2 {[%c_effect h4;square;h4;type;Mistake;persistent;true] The knight cannot be captured due to the pin.} 20.Bxh4 ) 20.Qe1 Na5 $6 {[%c_effect a5;square;a5;type;Inaccuracy;persistent;true]} ( 20...Kg7 {is the lesser evil, although White keeps the pressure after} 21.Nf5+ Bxf5 22.Rxf5 ) 21.Bd1 Bxd1 {The f5-square becomes very weak now. Maybe it's better to retreat the bishop, although after} ( 21...Bd7 22.Nf5 Bxf5 23.Rxf5 {White will follow with h2-h4 and a lot of pressure on the kingside.} ) 22.Nf5 Qe6 23.Qxd1 Kh7 24.h4 $6 {[%c_effect h4;square;h4;type;Inaccuracy;persistent;true] This is Carlsen's only inaccuracy in the game.} ( 24.d4 {is better, immediately putting pressure on the center. The e4-pawn cannot be captured:} 24...Nxe4 ( 24...exd4 $2 {[%c_effect d4;square;d4;type;Mistake;persistent;true] is also bad:} 25.Nxd4 Qe7 26.Qc2 {with a winning initiative.} ) 25.d5 $1 {[%c_effect d5;square;d5;type;GreatFind;persistent;true]} 25...Qf6 ( 25...Qg6 26.Ne7 $1 {[%c_effect e7;square;e7;type;GreatFind;persistent;true]} ) 26.Qc2 {Black's position collapses.} ) ( 24.Qa1 $5 {[%c_effect a1;square;a1;type;Interesting;persistent;true] is also very interesting, pinning the knight on a5.} ) 24...Rg8 $6 {[%c_effect g8;square;g8;type;Inaccuracy;persistent;true] Tabatabaei misses the chance to come back to the game.} ( 24...Nb3 $1 {[%c_effect b3;square;b3;type;GreatFind;persistent;true] Prepares both ...Ra1 and the knight maneuver back to the defense with ...Nc5-d7.} ) 25.hxg5 Rxg5 ( 25...hxg5 {doesn't help:} 26.Qf3 Rg6 27.Ra1 $1 {[%c_effect a1;square;a1;type;GreatFind;persistent;true] The rook enters the game with decisive effect. A nice variation continues:} 27...Nc6 28.Ra6 $1 {[%c_effect a6;square;a6;type;GreatFind;persistent;true]} 28...Ne7 29.Bxe5 $1 {[%c_effect e5;square;e5;type;GreatFind;persistent;true]} 29...Qxe5 30.Qh3+ Kg8 31.Ra8+ {winning for White.} ) 26.Bh4 Rg6 27.b4 $1 {[%c_effect b4;square;b4;type;GreatFind;persistent;true]} 27...Nc6 28.Qf3 Ng8 29.d4 $1 {[%c_effect d4;square;d4;type;GreatFind;persistent;true] Carlsen conducts the game with his typical precision. Black has too many weaknesses, and his pieces are passive.} 29...exd4 30.exd4 Qc4 31.Ng3 $1 {[%c_effect g3;square;g3;type;GreatFind;persistent;true] A nice repositioning of the knight.} 31...f6 32.Nh5 Qf7 33.e5 $1 {[%c_effect e5;square;e5;type;GreatFind;persistent;true] Attacking both the f6-pawn and the c6-knight.} 33...Nce7 34.e6 ( 34.exf6 {is also good.} ) 34...Qxe6 ( 34...Qf8 {Here a nice winning line is} 35.Nxf6+ Nxf6 36.Bxf6 Ng8 37.Qe4 $1 {[%c_effect e4;square;e4;type;GreatFind;persistent;true]} 37...Nxf6 38.e7 $1 {[%c_effect e7;square;e7;type;GreatFind;persistent;true]} 38...Qf7 39.Rxf6 $1 {[%c_effect f6;square;f6;type;GreatFind;persistent;true] and the pawn promotes.} ) 35.Nf4 Qf7 36.Nxg6 Kxg6 37.Qd3+ Kg7 38.Qxb5 {The rest is trivial for the world's best player.} 38...Ng6 39.Qh5 Qc4 40.Rf3 Qe2 41.Kh2 Qe4 42.Bf2 N8e7 43.Re3 Qf4+ 44.Kg1 c6 45.c4 d5 46.c5 Nf5 47.Rf3 Qc1+ 48.Kh2 Nfe7 49.Be3 1-0